Metódy a formy tvorivého riešenia problémov : Bakalárska práca

Guardado en:
Detalles Bibliográficos
Autor principal: Španielka, Marek, 1989- (Autor)
Otros Autores: Milec, Ivan, 1945- (Orientador)
Formato: Manuscrito Libro
Lenguaje:eslovaco
Publicado: Trnava : STU v Bratislave MTF UIPH, 2011
Materias:
Acceso en línea:VAIS
Etiquetas: Agregar Etiqueta
Sin Etiquetas, Sea el primero en etiquetar este registro!

MARC

LEADER 00000ntm a22000003a 4500
001 stu231169
005 20160719160522.7
008 110712s2011----xo------------------slo-d
040 |a STU  |b slo 
041 0 |a slo 
044 |a xo 
100 1 |a Španielka, Marek,  |d 1989-  |4 aut  |X 56817  |7 A000056817 
242 0 0 |a Methods and forms of creative problem soving  |y eng 
245 1 |a Metódy a formy tvorivého riešenia problémov :  |b Bakalárska práca 
260 |a Trnava :  |b STU v Bratislave MTF UIPH,  |c 2011 
300 |a 47 s., CD-ROM 
650 7 |a vyučovacie metódy  |2 stusub 
650 7 |a učiteľstvo praktických predmetov v technických odboroch  |2 stusub 
650 7 |a Teaching Practical Subjects in Engineering Majors  |2 estusub 
700 1 |a Milec, Ivan,  |d 1945-  |4 ths  |X 2952  |7 A000002952 
856 4 |a info a plný text  |u http://is.stuba.sk/zp/portal_zp.pl?podrobnosti=57509  |3 VAIS 
996 |c M*BP-5616  |l MMSKP  |s P  |a 0  |w stu231169_0001